LEADER 01256nkm0-2200313---450- 001 990010008230403321 005 20151027150917.0 035 $a001000823 035 $aFED01001000823 035 $a(Aleph)001000823FED01 035 $a001000823 100 $a20151026f19131914km-y0itay50------ba 101 0 $aita 102 $aIT 116 $azdbb-------------- 200 1 $aTraghetto dello Zanskar$bRisorsa grafica$fGiotto Dainelli 210 $aFirenze$cLuminosa$d[1914] 215 $a1 diapositiva su vetro$cgelatina ai sali d'argento, b/n$d75 x 70 mm su supporto 95 x 80 mm 610 0 $aLadakh$aFiumi$aImmagini 610 0 $aSpedizione De Filippi nell'Himalaia Caracorum e Turchestan Cinese 1913-1914$aImmagini 700 1$aDainelli,$bGiotto$f<1878-1968>$075309 801 0$aIT$bUNINA$gRICA$2UNIMARC 856 4 $zVisualizza c/o Società Geografica Italiana$uhttp://www.europeana.eu/portal/record/2024908/photography_ProvidedCHO_Archivio_fotografico_Societ__Geografica_Italia_5940.html?start=3134&query=dainelli%2C+giotto&startPage=3121&qt=false&rows=24$e20151026 901 $aGR 912 $a990010008230403321 952 $aScat. G.D. 108$bIst. s.i.$fILFGE 959 $aILFGE 996 $aTraghetto dello Zanskar$91495870 997 $aUNINA